header

Climate Change Mitigation and Agriculture (Record no. 251184)

MARC details
000 -LEADER
fixed length control field 00279nam a22001097a 4500
020 ## - INTERNATIONAL STANDARD BOOK NUMBER
ISBN 9781849713931
100 ## - MAIN ENTRY--AUTHOR NAME
Personal name Eva Wollenberg, Alison Nihart
245 ## - TITLE STATEMENT
Title Climate Change Mitigation and Agriculture
260 ## - PUBLICATION, DISTRIBUTION, ETC. (IMPRINT)
Place of publication New York
Name of publisher EarthScan
Year of publication 2012
300 ## - PHYSICAL DESCRIPTION
Number of Pages 419p
Other physical details ILL
942 ## - ADDED ENTRY ELEMENTS (KOHA)
Koha item type Long Loan Books
Holdings
Withdrawn status Lost status Collection code Home library Current library Shelving location Date acquired Full call number Accession Number Koha item type
    Non-fiction Rongo University Library Rongo University Library General Stacks 11/11/2015 QC903 .C562 2012 20092181 Long Loan Books

© 2026 Rongo University
Contact us: librarian | system librarian | Rongo university